<?xml version="1.0" encoding="UTF-8"?>
<record
    xmlns:xsi="http://www.w3.org/2001/XMLSchema-instance"
    xsi:schemaLocation="http://www.loc.gov/MARC21/slim http://www.loc.gov/standards/marcxml/schema/MARC21slim.xsd"
    xmlns="http://www.loc.gov/MARC21/slim">

  <leader>00812nab a2200229 uc4500</leader>
  <controlfield tag="001">703543</controlfield>
  <controlfield tag="005">20240720090216.0</controlfield>
  <controlfield tag="008">011107s1936                        spa  </controlfield>
  <datafield tag="035" ind1=" " ind2=" ">
    <subfield code="a">703543</subfield>
  </datafield>
  <datafield tag="035" ind1=" " ind2=" ">
    <subfield code="a">(OCoLC)819921838</subfield>
  </datafield>
  <datafield tag="040" ind1=" " ind2=" ">
    <subfield code="c">comduadb</subfield>
  </datafield>
  <datafield tag="041" ind1=" " ind2=" ">
    <subfield code="a">spa</subfield>
  </datafield>
  <datafield tag="100" ind1="1" ind2="0">
    <subfield code="a">Uribe Williamson, Juan</subfield>
    <subfield code="4">aut</subfield>
    <subfield code="e">aut</subfield>
    <subfield code="9">349506</subfield>
  </datafield>
  <datafield tag="245" ind1="1" ind2="0">
    <subfield code="a">Higiene escolar</subfield>
  </datafield>
  <datafield tag="650" ind1=" " ind2=" ">
    <subfield code="a">Higiene escolar</subfield>
    <subfield code="9">5281</subfield>
  </datafield>
  <datafield tag="650" ind1=" " ind2=" ">
    <subfield code="a">Salud escolar</subfield>
    <subfield code="9">364</subfield>
  </datafield>
  <datafield tag="650" ind1=" " ind2="7">
    <subfield code="a">Ni&#xF1;os</subfield>
    <subfield code="x">Cuidado e higiene</subfield>
    <subfield code="2">lemb</subfield>
    <subfield code="9">3720</subfield>
  </datafield>
  <datafield tag="650" ind1=" " ind2=" ">
    <subfield code="a">Enfermedades del ojo</subfield>
    <subfield code="9">21255</subfield>
  </datafield>
  <datafield tag="650" ind1=" " ind2=" ">
    <subfield code="a">Preescolares</subfield>
    <subfield code="9">46489</subfield>
  </datafield>
  <datafield tag="773" ind1="0" ind2=" ">
    <subfield code="t">Educaci&#xF3;n Antioque&#xF1;a (Medell&#xED;n)</subfield>
    <subfield code="g">Educacion Antioquena (Medellin) Nos. 01-03, Oct.-Dic. 1935 - Vol. 01, Nos. 04-12,  Ene.-Dic. 1936, Vol. 01, No. 04-06, Ene.-Mar. 1936/Educacion antioquena, p. 313-326</subfield>
    <subfield code="w">688141</subfield>
    <subfield code="0">217905</subfield>
  </datafield>
  <datafield tag="942" ind1=" " ind2=" ">
    <subfield code="c">ARIMP</subfield>
  </datafield>
  <datafield tag="999" ind1=" " ind2=" ">
    <subfield code="c">227125</subfield>
    <subfield code="d">227125</subfield>
  </datafield>
</record>
